| 000 | 00721nam a22002297a 4500 | ||
|---|---|---|---|
| 999 |
_c16751 _d16751 |
||
| 003 | AR-CdUCM | ||
| 008 | 190506b ||||| |||| 00| 0 spa d | ||
| 040 |
_aMUNICIPALIDAD PROVINCIAL DEL CUSCO _cBIBLIOTECA MUNICIPAL DEL CUSCO |
||
| 041 | _hrus | ||
| 082 |
_a539.76 / _bG52 |
||
| 100 |
_aGladkov, K _936379 |
||
| 245 | _aPequeña enciclopedia de la energía nuclear / | ||
| 260 |
_aMoscú : _bMir, _c1969. |
||
| 300 |
_a247 paginas ; _bIlustraciones, _c17 cm. |
||
| 505 | _aContenido : Enciclopedia | ||
| 650 |
_aEnergía nuclear _919264 |
||
| 650 |
_aEnergía calorífica _936380 |
||
| 650 |
_aPotencia _923965 |
||
| 700 |
_aNoguera, Justo (Traducción) _936381 |
||
| 942 |
_2ddc _cLIBROS |
||
| 945 |
_awnts _d2019-05-6 |
||